000 01918cam a22005174i 4500
003 PE-LiUPU
005 20250731173507.0
008 150616s r 000 0 d
020 _a0310516005
035 _a(Sirsi) i9780310516002
040 _aPE-LiUPU
_bspa
_cPE-LiUPU
_erda
049 _aPRUA
082 0 4 _b
_221
100 1 _aHill, Andrew E.,
_eautor.
245 1 2 _aA survey of the Old Testament /
_cAndrew E. Hill, John H. Walton.
264 1 _aGrand Rapids, Michigan :
_bZondervan Publishing House,
_c1991.
300 _a461 páginas :
_bilustraciones mapas, gráfs. ;
_c24 centímetros
336 _atext
_2rdacontent
337 _aunmediated
_2rdamedia
338 _avolume
_2rdacarrier
505 0 _aThe pentateuch -- The historical books.
526 _aSEG42
526 _aSEG41
526 _aSEG40
526 _aSEG39
526 _aP94
526 _aP87
526 _aP86
526 _aP85
526 _aP77
526 _aP76
526 _aP35
630 _aBiblia.
_pA.T.
_xIntroducciones.
650 0 4 _a
700 1 _aJohn H. Walton.
910 _ajck
_bjvq
_cjck
942 _2ddc
_cBOOK
949 _a221.61 H54
_wDEWEY
_c1
_i40521
_lCCODEBUL1
_mBUL
_r0
_sY
_tBOOK
_u2015-4-23
_xTEOLOGIA
_zUNKNOWN
_0COMPRA
_o.STAFF. Colección General
949 _a221.61 H54
_wDEWEY
_c2
_i45794
_lCCODEBUL1
_mBUL
_r0
_sY
_tBOOK
_u2015-6-16
_xTEOLOGIA
_zUNKNOWN
_0COMPRA
_o.STAFF. Colección General
994 _aC0
_bPEPRU
596 _a1
999 _a221.61 H54
_wDEWEY
_c58313
_i40521
_d58313
_f2021-11-9
_g5
_lCCODEBUL1
_mBUL
_q3
_r0
_sY
_tBOOK
_u2015-4-23
_xTEOLOGIA
_zUNKNOWN
_0COMPRA
_o.STAFF. Colección General
999 _a221.61 H54
_wDEWEY
_c2
_i45794
_d2018-9-3
_f2021-11-9
_g5
_lCCODEBUL1
_mBUL
_q3
_r0
_sY
_tBOOK
_u2015-6-16
_xTEOLOGIA
_zUNKNOWN
_0COMPRA
_o.STAFF. Colección General
980 _81
_gALBERTO SANCHEZ Responsable de Automatización